Culture Générale - Série 54 - Statistiques

Statistiques générales
  • Ce quiz a été pris 611 fois
  • Le résultat moyen est 3 sur 10
Statistiques - réponses
Question Réponse % Correct
Qu'est-ce qu'un "Quetzal" ? Oiseau
78%
De quel pays est-il l'emblème ? Guatemala
43%
Dépression temporaire ou mare résiduelle ressemblant à une piscine naturelle formée entre la côte et un banc de sable Baïne
26%
Vague déferlante produite dans certains estuaires par la rencontre du courant descendant du fleuve et du flot montant de la mer. Mascaret
26%
Qu'est-ce qu'une flamberge ? Epée
17%
Qu'est-ce qu'un cyprin ? Poisson
17%
Qu'est-ce qu'une "ente" (fruit) ? Prune
17%
Qu'est-ce qu'un tire-laine ? Voleur
15%
Serpent légendaire, gardien de trésors fabuleux, ou jeune fille accompagnée de serpents, douée de pouvoirs fantastiques. Vouivre
8%
Trainée de paille laissée par une moissonneuse-batteuse, servant à faire les bottes. Andain
6%
Aucun quiz correspondant
Distribution des résultats
% des personnes avec chaque résultat
Percentile par nombre de réponses
Votre historique - résultats
Vous n’avez pas pris ce quiz